Statistics for Japanese Area Codes on a Map

Click here to take the quiz!

General Stats

  • This quiz has been taken 81 times
  • The average score is 45 of 59

Answers on the Map

Answers color-coded by a green-red scale on the quiz's map according to % correct below.
 

Answer Stats

Answer% Correct
027
88%
011
82%
012
82%
016
82%
017
82%
018
82%
019
82%
022
82%
023
82%
024
82%
025
82%
026
82%
028
82%
029
82%
03
82%
048
82%
052
82%
056
82%
057
82%
013
76%
014
76%
015
76%
042
76%
043
76%
044
76%
045
76%
046
76%
047
76%
049
76%
058
76%
053
71%
054
71%
055
71%
06
71%
072
71%
073
71%
074
71%
075
71%
076
71%
077
71%
078
71%
079
71%
082
71%
083
71%
084
71%
085
71%
086
71%
087
71%
088
71%
089
71%
092
71%
093
71%
094
71%
095
71%
096
71%
097
71%
098
71%
099
71%
059
65%

Score Distribution

Percentile by Number Answered

Percent of People with Each Score

Your Score History

You have not taken this quiz